000 00329nam a2200133Ia 4500
100 _aSmith F Willian
942 _cBK
654 _aMaterials science and engg
245 _aPrinciples Materials Science and Engg 2/e
260 _bMc Graw Hill
_aNew York
_c1990
082 _a620.112
_bPAN
546 _aENGLISH
999 _c31291
_d31291